00428nam a2200145Ia 4500003000400000005001700004008004100021020001500062050002400077100002200101245009000123260003500213300002800248440000600276OSt20140321134513.0140130s9999 xx 000 0 und d a043925616X aLB 1576b.R683 2002 aRothstein, Gloria cGloria Rothstein.aReal-life writing activities : bbased on favorite picture books / bScholastic,c2002.aNew York : a96 p. :bill. ;c26 cm. v1